| 000 | 00361nam a2200145Ia 4500 | ||
|---|---|---|---|
| 008 | 230711s9999||||xx |||||||||||||| ||und|| | ||
| 041 | _aENG | ||
| 082 |
_a540 _bWA-T |
||
| 100 | _aWalters,Martin | ||
| 245 | 0 | _aThe illustrated dictionary of ecology and plant life | |
| 260 |
_c1995 _aLondon _bBloomsbury |
||
| 300 | _a160p. | ||
| 650 | _aChemistry | ||
| 942 | _cBK | ||
| 999 |
_c3597 _d3597 |
||